| 000 | 00768nam a22002532 4500 | ||
|---|---|---|---|
| 999 |
_c18197 _d18197 |
||
| 001 | 0000019445 | ||
| 003 | OSt | ||
| 005 | 20200129101053.0 | ||
| 008 | 101116s xx 000 0 eng d | ||
| 020 | _a9353892623 | ||
| 040 |
_aKABU _cKABU |
||
| 050 |
_aKD1650 _b.C43 2019 c. 1 |
||
| 100 | 1 | _aChalmers, Mackenzie Dalzell E. S. | |
| 245 | 1 | 4 |
_aThe Sale of Goods Act, 1893 : _bincluding the Factors Act, 1889 & 1890 / _cM. D. Chalmers. |
| 250 | _a8th ed. | ||
| 260 |
_aLondon : _bButterworth _c2019 |
||
| 300 | _axl, [220] p. | ||
| 650 | 0 | _aSales. | |
| 650 | 0 | _aAgency (Law) | |
| 650 | 0 | _aFactoring (Finance) | |
| 908 | _a101116 | ||
| 942 |
_2lcc _cBK _hKD1650 _i.C43 2019 c. 1 |
||